00532cam a22001574a 4500020001500000020001800015040000800033082002600041245008300067260004200150300003500192490004500227650001900272700002200291856006100313 a0821367579 a9780821367575 cDLC00a362 WOR 2006 A013 Or.00aAIDS in South Asiabunderstanding and responding to a heterogeneous epidemic / aWashington, DC :bWorld Bank,cc2006. axxii, 113 p. :bill. ;c23 cm.1 aHealth, nutrition, and population series 0aAIDS (Disease)1 aMoses, Stephen A.40uhttp://elibrary.worldbank.org/content/book/9780821367575